000 00481nam a2200169Ia 4500
003 GCL
008 140319s9999 xx 000 0 eng d
040 _aGCL /
_cGCL
082 0 4 _a621.40211
_bB M
100 1 _aBAUMAN, ROBERT P
245 1 0 _aMODERN THERMDYNAMICS WITH STATISTICAL MECHANICS /
_cBAUMAN, ROBERT P
260 _a[S.N] :
_bMACMILLAN PUBLESHING COMPANY ،
_c1992
300 _a507 P
650 0 4 _aTHERMODYNAMICS
650 0 4 _aSTATISTICAL MECHANICS
942 _2ddc
_cBK
999 _c16960
_d16960